000 00706nam a22002417a 4500
003 UA-OsUOA
001 25970
007 ta
008 20040506b un ||||| |||| 00| 0 ukr d
090 _a371(477)
_bШ67
942 _cBK
040 _aUA-OsUOA
_bukr
_cUA-OsUOA
_dUA-OsUOA
245 _aШкола життєтворчості особистості
_bНауково-методичний збірник
_cРед. І.Г.Єрмаков
300 _a480 с.
955 _a0
041 _aukr
080 _a371(477)
020 _a5-7763-9536-4
260 _aКиїв
_bІнститут Системних Досліджень Освіти
_c1995
044 _aUA
650 7 _2UDC
999 _c312276
_d312276